03163cam a22003015a 4500999001700000001000900017005001700026008004100043020004200084040003300126082001900159100002400178245009500202260004500297300003400342504005100376520186400427520023802291541002302529650002302552650002902575650003602604651001002640653002102650906004502671942000802716952013702724 c27567d275381930734520201112151002.0160930t2017 maua frb 001 0 eng d a9781629561295 (hardback : alk. paper) aDLCbengcDLCdDLCdEG-ScBUE04a650.1bBOD2221 aBodell, Lisa94204510aWhy simple wins :bescape the complexity trap and get to work that matters /cLisa Bodell. aBrookline, MA. :bBibliomotion,cc.2017. axvi, 222 p. :bill. ;c24 cm. aIncludes bibliographical references and index. a"Imagine what you could do with the time you spend writing emails every day. Complexity is killing companies' ability to innovate and adapt, and simplicity is fast becoming the competitive advantage of our time. Why Simple Wins helps leaders and their teams move beyond the feelings of frustration and futility that come with so much unproductive work in today's corporate world to create a corporate culture where valuable, essential, meaningful work is the norm. By learning how to eliminate redundancies, communicate with clarity, and make simplification a habit, individuals and companies can begin to recognize which activities are time-sucks and which create lasting value. Lisa Bodell's simplification method has several unique principles: [dot below] Simplification is a skill that's available to us all, yet very few leaders use it. [dot below] Simplification is the right thing to do-for our customers, for our company, and for each other. Operating with simplification as our core business model will make it easier to be respectful of each other's time. [dot below] Simplification drives culture, and culture in turn drives employee engagement, customer relations, and overall productivity. This book is inspired by Bodell's passion for eliminating barriers to innovation and productivity. In it, she explains why change and innovation are so hard to achieve-and it's not what you might expect. The reality is this: we spend our days drowning in mundane tasks like meetings, emails, and reports. These are often self-created complexities that prevent us from getting to the meaningful work that truly matters. Using simple stories and techniques, Why Simple Wins shows that by using simplicity as an operating principle, we can eliminate the busy work that puts a chokehold on us every day, and instead spend time on the work that we value"-- a"Using simple stories and techniques, Why Simple Wins shows that by using simplicity as an operating principle, we can eliminate the busy work that puts a chokehold on us every day, and instead spend time on the work that we value"-- aMr. Tarek Mehrem ; 7aLeadership.2BUEsh 7aWork environment.2BUEsh 7aOrganizational behavior.2BUEsh 2BUEsh bBUSADMcJuly2019 a7bcbccorignewd1eecipf20gy-gencatlg 2ddc 00102ddc40708Donation-GaMAINbMAINc1STd2019-07-08eDonationl2m15o650.1 BODp000047970r2025-11-09 00:00:00s2025-11-04yBB